8-Letter Countries - Statistics

General Stats
  • This quiz has been taken 790 times
    789 since last reset
  • The average score is 14 of 24
Answer Stats
8-Letter country % Correct
Colombia
72%
Paraguay
71%
Honduras
70%
Bulgaria
68%
Pakistan
67%
Portugal
67%
Thailand
67%
Slovenia
65%
Cambodia
64%
Slovakia
63%
Malaysia
61%
Mongolia
60%
Suriname
60%
Tanzania
60%
Botswana
59%
Ethiopia
58%
Barbados
56%
Cameroon
56%
Zimbabwe
56%
Dominica
54%
Djibouti
51%
Maldives
50%
Sri Lanka
48%
Kiribati
47%
No matching quizzes found
Score Distribution
Percent of People with Each Score
Percentile by Number Answered
Your Score History
You have not taken this quiz since the last reset